Germany or Austria - Statistics

General Stats
  • This quiz has been taken 476 times
  • The average score is 7 of 10
Answer Stats
Question Answer % Correct
Speaks German Both
100%
Has one of the oldest flags in the world Austria
94%
Is in the EU Both
94%
Has a female chancellor Germany
91%
Is home to the Alps Both
83%
Borders more countries Germany
77%
Was founded before 1830 Austria
64%
Is part of NATO Germany
55%
Most popular sport is football Germany
49%
Won more Nobel peace prizes per capita Austria
43%
No matching quizzes found
Score Distribution
Percent of People with Each Score
Percentile by Number Answered
Your Score History
You have not taken this quiz